000 00635nam a22001937a 4500
999 _c190932
_d190932
005 20220811153736.0
010 _aENG-134403
020 _a9789390082063
_c350.00
035 _aEN-117935
037 _bDBAD/PUB
082 _a658.15
100 _aRamesh, S.
245 _aManagement Practices In Village Knowledge Centre/
_cS. Ramesh and R. Venkata Ravi
260 _aTamil Nadu
_bShanlax Publications
_c2020
270 _a61, 66 T.P.K. Main Road Vasantha Nagar
_bMadurai
_e625003
_mpublisher@shanlaxpublications.com
300 _a189p.
_c22cm(pbk)
700 _aRavi, R. Venkata
942 _2ddc
_cEN
_h658.15
_mRAM